00429nam a2200169 a 450000100060000000300090000600800410001502000150005604000280007108200100009910000180010924500270012726000340015430000070018850000320019565000320022721472CO-ViMGA141112s2004 ck r 000 u spa d a8495040875 aCO-ViMGAbspacCO-ViMGA04aCOUma1 aCousins, Lucy10aA Maisy le gusta jugar aBarcelona : bSerres, c20014 a18 aPara niños de 4 años. 14aCUENTOS INFANTILES INGLESES